• 首页
  • 本馆介绍
  • 公告通知
  • 最新文献
  • 馆藏检索
  • 电子资源
  • 读者导购
  • 参考咨询
  • 我的图书馆
  • 登录
  • 详细信息显示
  • 放入我的书架
  • 预约/预借图书
  • 作者相关作品
  • 分类相关作品
  • 丛书相关作品
  • 出版社相关作品

书目信息

  • 表格格式
  • 工作单格式
  • 卡片格式
题名:
血的奠基
    
 
作者: 桑永德 主编 ;王建辉 主编
分册:  
出版信息: 太原   北岳文艺出版社  1991
页数: 403页
开本: 19cm
丛书名:
单 册:
中图分类: K26 , I247.8
科图分类:
主题词: 新民主主义革命--历史--中国 , 小说--中国
电子资源:
ISBN: 7-5378-0585-7
000 00815nam0 2200253 450
001 1534493142
005 20170926113234.31
010    @a7-5378-0585-7@dCNY7.50
100    @a20021005d1991 em y0chiy0110 ea
101 0  @achi
102    @aCN@b140000
105    @ay z 000zy
200 1  @a血的奠基@9xue de dian ji@f桑永德,王建辉主编
210    @a太原@c北岳文艺出版社@d1991
215    @a403页@d19cm
330    @a本书从中国第一代马克思主义者的诞生、北伐战争、建立革命根据地到全面抗日和三大战役的伟大胜利,全面记载了中国革命的艰辛历程和无数先烈们的壮烈业绩。
606 0  @a新民主主义革命@x历史@y中国
606 0  @a小说@x中国
690    @aK26@v5
690    @aI247.8@v4
701  0 @a桑永德@9sang yong de@4主编
702  0 @a王建辉@9wang jian hui@4主编
801  0 @aCN@bTSSF@c20150119
905    @aZUCC@dI247.8@eJY50
    
    血的奠基/桑永德,王建辉主编.-太原:北岳文艺出版社,1991
    403页;19cm
    
    
    ISBN 7-5378-0585-7:CNY7.50
    本书从中国第一代马克思主义者的诞生、北伐战争、建立革命根据地到全面抗日和三大战役的伟大胜利,全面记载了中国革命的艰辛历程和无数先烈们的壮烈业绩。
●
相关链接 在E读中查询图书 在五车中查询图书 在当当中查询图书 在豆瓣中查询图书


正题名:血的奠基     索取号:I247.8/JY50         预约/预借

序号 登录号 条形码 馆藏地/架位号 状态 备注
1 7847343   278473439   学院路分馆/ [索取号:I247.8/JY50] 在馆    
2 7847344   278473448   学院路分馆/ [索取号:I247.8/JY50] 在馆    
3 7847345   278473457   学院路分馆/ [索取号:I247.8/JY50] 在馆    
4 7847346   278473466   学院路分馆/ [索取号:I247.8/JY50] 在馆    
唐山师范学院图书馆 欢迎您!
大连网信软件有限公司© 版权所有